מדינות ארצות הברית - Statistics

General Stats
  • This quiz has been taken 14 times
  • The average score is 28 of 50
Answer Stats
מדינה % Correct
ניו יורק
100%
וושינגטון
89%
טקסס
89%
קליפורניה
89%
קרוליינה הדרומית
89%
קרוליינה הצפונית
89%
אריזונה
78%
ג'ורג'יה
78%
הוואי
78%
מישיגן
78%
פלורידה
78%
אינדיאנה
67%
אלסקה
67%
דקוטה הדרומית
67%
דקוטה הצפונית
67%
מסצ'וסטס
67%
ניו ג'רזי
67%
ניו מקסיקו
67%
אוהיו
56%
איווה
56%
אילינוי
56%
אלבמה
56%
ורמונט
56%
טנסי
56%
נבדה
56%
פנסילבניה
56%
קולורדו
56%
אורגון
44%
איידהו
44%
דלאוור
44%
ויסקונסין
44%
וירג'יניה
44%
יוטה
44%
לואיזיאנה
44%
מיזורי
44%
מיין
44%
מרילנד
44%
ניו המפשייר
44%
קונטיקט
44%
קנטקי
44%
אוקלהומה
33%
ארקנסו
33%
ויומינג
33%
מונטנה
33%
קנזס
33%
וירג'יניה המערבית
22%
מינסוטה
22%
מיסיסיפי
22%
נברסקה
22%
רוד איילנד
22%
No matching quizzes found
Score Distribution
Percent of People with Each Score
Percentile by Number Answered
Your Score History
You have not taken this quiz